[Event "Schleswig Holstein-ch Seniors"]
[Site "Hanerau"]
[Date "2015.04.01"]
[Round "7"]
[White "Carstens, Hans Henning"]
[Black "Dietz, Lukas"]
[Result "1-0"]
[WhiteElo "1432"]
[BlackElo "931"]
[PlyCount "31"]
[EventDate "2015.03.28"]
[EventType "swiss"]
[EventRounds "9"]
[EventCountry "GER"]
[SourceTitle "EXT 2018"]
[Source "ChessBase"]
[SourceDate "2017.10.13"]
[SourceVersion "1"]
[SourceVersionDate "2017.10.13"]
[SourceQuality "1"]

1. e4 e5 2. Nf3 Nc6 3. Bb5 Nd4 4. Nxd4 exd4 5. 0-0 a6 6. Bc4 Bc5 7. Qh5 Qe7 8. Bxf7+ Qxf7 9. Qxc5 d6 10. Qxd4 Qg6 11. Re1 Nf6 12. e5 dxe5 13. Qxe5+ Kf7 14. Qxc7+ Kg8 15. Qd8+ Kf7 16. Re7# 1-0

[Event "Schleswig Holstein-ch Seniors"]
[Site "Hanerau"]
[Date "2015.03.29"]
[Round "2"]
[White "Dietz, Lukas"]
[Black "Weber, Ulrich"]
[Result "0-1"]
[WhiteElo "931"]
[BlackElo "1426"]
[PlyCount "82"]
[EventDate "2015.03.28"]
[EventType "swiss"]
[EventRounds "9"]
[EventCountry "GER"]
[SourceTitle "EXT 2018"]
[Source "ChessBase"]
[SourceDate "2017.10.13"]
[SourceVersion "1"]
[SourceVersionDate "2017.10.13"]
[SourceQuality "1"]

1. e4 c5 2. Bc4 Nc6 3. Nf3 d6 4. d3 Nf6 5. Nc3 e6 6. Bg5 Be7 7. Bb5 Bd7 8. 0-0 a6 9. Bxc6 Bxc6 10. Re1 Qc7 11. d4 cxd4 12. Nxd4 0-0 13. Qd3 Rfe8 14. Qg3 Rac8 15. Rad1 Nh5 16. Qh4 Bxg5 17. Qxg5 Nf6 18. Rd3 h6 19. Qh4 Qe7 20. e5 dxe5 21. Rxe5 Nd5 22. Qg3 Nxc3 23. Nf5 exf5 24. Rxe7 Rxe7 25. Kf1 Rce8 26. f3 Ne2 27. Qh4 f4 28. Rd1 Bb5 29. g3 Nc3+ 30. Kg2 Nxd1 31. Qxf4 Ne3+ 32. Kh3 Bf1+ 33. Kh4 g5+ 34. Qxg5+ hxg5+ 35. Kxg5 Bb5 36. h3 Nxc2 37. b3 Re3 38. Kg4 Nd4 39. f4 Be2+ 40. Kg5 Rxg3+ 41. Kh4 Nf5# 0-1

[Event "Schleswig Holstein-ch Seniors"]
[Site "Hanerau"]
[Date "2015.03.28"]
[Round "1"]
[White "Dietz, Lukas"]
[Black "Ritter, Klaus"]
[Result "0-1"]
[WhiteElo "931"]
[BlackElo "1258"]
[PlyCount "42"]
[EventDate "2015.03.28"]
[EventType "swiss"]
[EventRounds "9"]
[EventCountry "GER"]
[SourceTitle "EXT 2018"]
[Source "ChessBase"]
[SourceDate "2017.10.13"]
[SourceVersion "1"]
[SourceVersionDate "2017.10.13"]
[SourceQuality "1"]

1. e4 e5 2. Nf3 d6 3. Nc3 Be7 4. Bc4 c6 5. d3 h6 6. 0-0 Nf6 7. Be3 b5 8. Bb3 Bb7 9. d4 b4 10. dxe5 bxc3 11. exf6 Bxf6 12. bxc3 Bxc3 13. Rb1 Ba6 14. Bd2 Bxd2 15. Qxd2 Bxf1 16. Rxf1 0-0 17. Qf4 Qe7 18. Nh4 Qf6 19. Qg3 Nd7 20. Rd1 Nb6 21. Rxd6 Qa1+ 0-1